| 000 | 01417nam a2200373 a 4500 | ||
|---|---|---|---|
| 001 | ebr10600480 | ||
| 003 | CaPaEBR | ||
| 006 | m u | ||
| 007 | cr cn||||||||| | ||
| 008 | 090518s2010 enka sb 001 0 eng d | ||
| 010 | _z 2009020606 | ||
| 020 | _z9783039118946 (alk. paper) | ||
| 020 | _z9783039118946 | ||
| 020 | _z9783035300727 (e-book) | ||
| 040 |
_aCaPaEBR _cCaPaEBR |
||
| 035 | _a(OCoLC)812911810 | ||
| 043 | _ae-ie--- | ||
| 050 | 1 | 4 |
_aNX546.A1 _bK46 2010eb |
| 082 | 0 | 4 |
_a700/.411209415 _222 |
| 100 | 1 |
_aKeown, Edwina, _d1973- |
|
| 245 | 1 | 0 |
_aIrish modernism _h[electronic resource] : _borigins, contexts, publics / _cEdwina Keown and Carol Taaffe (eds.). |
| 260 |
_aOxford ; _aNew York : _bPeter Lang, _cc2010. |
||
| 300 |
_a244 p. : _bill. |
||
| 490 | 1 |
_aReimagining Ireland, _x1662-9094 ; _v14 |
|
| 504 | _aIncludes bibliographical references and index. | ||
| 533 |
_aElectronic reproduction. _bPalo Alto, Calif. : _cebrary, _d2011. _nAvailable via World Wide Web. _nAccess may be limited to ebrary affiliated libraries. |
||
| 650 | 0 |
_aModernism (Art) _zIreland. |
|
| 650 | 0 |
_aArts, Irish _y20th century. |
|
| 655 | 7 |
_aElectronic books. _2local |
|
| 700 | 1 | _aTaaffe, Carol. | |
| 710 | 2 | _aebrary, Inc. | |
| 830 | 0 |
_aReimagining Ireland ; _vv. 14. |
|
| 856 | 4 | 0 |
_uhttp://site.ebrary.com/lib/rucke/Doc?id=10600480 _zAn electronic book accessible through the World Wide Web; click to view |
| 999 |
_c98715 _d98715 |
||